[Event "Bahia Blanca Primera CABB"]
[White "Girolami, Carlos Eman"]
[Black "Weinmeister, Abel Hernan"]
[Site "Bahia Blanca"]
[Round "4.1"]
[Result "1/2-1/2"]
[Date "2018.11.18"]
[WhiteElo "2134"]
[BlackElo "1776"]
[PlyCount "47"]
[EventDate "2018.11.18"]
[EventType "swiss"]
[EventRounds "7"]
[EventCountry "ARG"]
[SourceTitle "EXT 2024"]
[Source "ChessBase"]
[SourceDate "2023.10.10"]
[SourceVersion "1"]
[SourceVersionDate "2023.10.10"]
[SourceQuality "1"]

1. c4 c6 2. g3 Nf6 3. Bg2 d5 4. Nf3 g6 5. 0-0 Bg7 6. d4 0-0 7. b3 Ne4 8. Bb2 Be6 9. Nbd2 Nxd2 10. Nxd2 Qd7 11. e4 dxc4 12. Nxc4 Rd8 13. Ne5 Qc7 14. Qc2 Nd7 15. Nxd7 Rxd7 16. e5 Rad8 17. Rac1 Bd5 18. Bxd5 Rxd5 19. Qc4 Qa5 20. b4 Qb5 21. Qxb5 Rxb5 22. a3 a5 23. Rc5 Rd5 24. Rxd5 1/2-1/2

[Event "Bahia Blanca Primera CABB"]
[White "Lescano, Pablo Daniel"]
[Black "Weinmeister, Abel Hernan"]
[Site "Bahia Blanca"]
[Round "7.4"]
[Result "1/2-1/2"]
[Date "2018.11.18"]
[WhiteElo "1865"]
[BlackElo "1776"]
[PlyCount "21"]
[EventDate "2018.11.18"]
[EventType "swiss"]
[EventRounds "7"]
[EventCountry "ARG"]
[SourceTitle "EXT 2024"]
[Source "ChessBase"]
[SourceDate "2023.10.10"]
[SourceVersion "1"]
[SourceVersionDate "2023.10.10"]
[SourceQuality "1"]

1. f4 g6 2. Nf3 Bg7 3. g3 Nf6 4. Bg2 0-0 5. 0-0 d6 6. Nc3 c5 7. e3 Nc6 8. b3 a6 9. Bb2 Qc7 10. Rc1 b5 11. Re1 1/2-1/2